Dni Mateja Hrebendu 2008

Bibliographic Details
Main Author: Čajková, Jaroslava, 1957- (Author)
Format: Article
Language:Slovak
PhysicalDescription:Fotogr.
ISSN:0323-2883
Subjects:

MARC

LEADER 00000nab a2200000 a 4500
001 vtls009468414
003 SK-MaSNL
005 20260426085255.0
008 250507c2008 xo qr|p|||||||000 b|slo
015 |a SNBRB2009/02  |2 snkbucl 
035 |a (uuid)c84a8dab-f860-460b-a630-f5aa1e9995d4 
035 |a urn:nbn:sk:snk-abdrlt 
035 |a (urnnbn)urn:nbn:sk:snk:ar-0019sj 
038 |a SNKBUCL 
040 |a SNKBUCL  |b slo  |c SNKBUCL  |e AACR2 
041 0 |a slo 
044 |a xo  |c SK 
080 |a 82:061.7:06.063:808.54  |x (437.6)  |2 2001 
080 |a 808.54:061.7  |x (437.6)  |2 2001 
100 1 |a Čajková, Jaroslava,  |d 1957-  |4 aut  |9 7935 
245 1 0 |a Dni Mateja Hrebendu 2008  |c Jaroslava Čajková 
300 |b Fotogr. 
611 2 7 |a Dni Mateja Hrebendu  |n (14. :  |d 2008 :  |c Martin, Slovensko)  |2 snkbucl  |9 1479532 
650 0 7 |a amatérsky umelecký prednes  |2 snkbucl  |9 84977 
650 0 7 |a zrakovo postihnuté osoby  |2 snkbucl  |9 1168 
651 7 |a Martin (Slovensko)  |2 snkbucl  |9 16875 
773 0 |t Javisko  |g Roč. 40, č. 4 (2008), s. 49-50  |x 0323-2883 
850 |a Slovenská národná knižnica 
852 |a Slovenská národná knižnica 
954 |a odborná, vedecká literatúra pôvodná (slovenská)  |2 lita 
958 |a article19 
958 |a OND 
958 |a SK 
958 |a EUIPO 
999 |c 2958613  |d 2960543